Knowledge Discovery and Data Mining

The volume includes a set of selected papers extended and revised from the 4th International conference on Knowledge Discovery and Data Mining, March 1-2, 2011, Macau, Chin.   This Volume is to provide a forum for researchers, educators, engineers, and government officials involved in the general ar...

Full description

Bibliographic Details
Corporate Author: SpringerLink (Online service)
Other Authors: Tan, Honghua (Editor)
Format: Electronic eBook
Language:English
Published: Berlin, Heidelberg : Springer Berlin Heidelberg, 2012.
Series:Advances in Intelligent and Soft Computing, 135
Subjects:
Online Access:Full Text via HEAL-Link
LEADER 02914nam a22004815i 4500
001 978-3-642-27708-5
003 DE-He213
005 20151031061056.0
007 cr nn 008mamaa
008 120204s2012 gw | s |||| 0|eng d
020 |a 9783642277085  |9 978-3-642-27708-5 
024 7 |a 10.1007/978-3-642-27708-5  |2 doi 
040 |d GrThAP 
050 4 |a Q342 
072 7 |a UYQ  |2 bicssc 
072 7 |a COM004000  |2 bisacsh 
082 0 4 |a 006.3  |2 23 
245 1 0 |a Knowledge Discovery and Data Mining  |h [electronic resource] /  |c edited by Honghua Tan. 
264 1 |a Berlin, Heidelberg :  |b Springer Berlin Heidelberg,  |c 2012. 
300 |a XVIII, 798 p. 239 illus.  |b online resource. 
336 |a text  |b txt  |2 rdacontent 
337 |a computer  |b c  |2 rdamedia 
338 |a online resource  |b cr  |2 rdacarrier 
347 |a text file  |b PDF  |2 rda 
490 1 |a Advances in Intelligent and Soft Computing,  |x 1867-5662 ;  |v 135 
505 0 |a From the content: On the Analysis of Speciality construction and development in Independent Institute -- EVA and DEA, which is better in Reflecting the Capital Efficiency? -- Research on the impact of VAT transformation on investment in fixed assets and the performance of listed companies in Northeast China -- Design and Implementation of Tracking System for Dish Solar Thermal Energy Based on Embedded System -- An Alternating Simultaneously Minimizing Diagonal Matrix Error and Covariant Matrix Error Trilinear Decomposition Algorithm for Second-order Calibration -- Indoor Comfortable Environment Self-adjust System Based on Microchip EM78F668N -- High-Gain Stacked Minkowski Fractal Patch Antenna with Superstrate for 60GHz Communications. 
520 |a The volume includes a set of selected papers extended and revised from the 4th International conference on Knowledge Discovery and Data Mining, March 1-2, 2011, Macau, Chin.   This Volume is to provide a forum for researchers, educators, engineers, and government officials involved in the general areas of knowledge discovery and data mining and learning to disseminate their latest research results and exchange views on the future research directions of these fields. 108 high-quality papers are included in the volume. 
650 0 |a Engineering. 
650 0 |a Data mining. 
650 0 |a Artificial intelligence. 
650 0 |a Computational intelligence. 
650 1 4 |a Engineering. 
650 2 4 |a Computational Intelligence. 
650 2 4 |a Data Mining and Knowledge Discovery. 
650 2 4 |a Artificial Intelligence (incl. Robotics). 
700 1 |a Tan, Honghua.  |e editor. 
710 2 |a SpringerLink (Online service) 
773 0 |t Springer eBooks 
776 0 8 |i Printed edition:  |z 9783642277078 
830 0 |a Advances in Intelligent and Soft Computing,  |x 1867-5662 ;  |v 135 
856 4 0 |u http://dx.doi.org/10.1007/978-3-642-27708-5  |z Full Text via HEAL-Link 
912 |a ZDB-2-ENG 
950 |a Engineering (Springer-11647)